Dovolenka pedagogických pracovníkov

Nárok na dovolenku učiteľov a pedagogických pracovníkov. Posudzovanie výkonu práce pre účely dovolenky. Praktické príklady. Čerpanie dovolenky. Náhrada mzdy.

Enregistré dans:
Détails bibliographiques
Auteur principal: Kašparová, Marta
Format: Chapitre de livre
Langue:slovaque
Sujets:
Tags: Ajouter un tag
Pas de tags, Soyez le premier à ajouter un tag!

MARC

LEADER 00000naa a2200000 4500
001 r035827
005 20230919090056.2
041 0 |a slo 
044 |a SK 
245 1 0 |a Dovolenka pedagogických pracovníkov  |c Marta Kašparová 
520 |a Nárok na dovolenku učiteľov a pedagogických pracovníkov. Posudzovanie výkonu práce pre účely dovolenky. Praktické príklady. Čerpanie dovolenky. Náhrada mzdy. 
610 2 0 |a učitelia 
610 2 0 |a dovolenka 
610 2 0 |a zamestnávatelia 
610 2 0 |a školstvo 
610 2 0 |a zamestnanci 
610 2 0 |a prázdniny 
100 1 |a Kašparová, Marta